<?xml version="1.0" encoding="UTF-8"?>
<record
    xmlns:xsi="http://www.w3.org/2001/XMLSchema-instance"
    xsi:schemaLocation="http://www.loc.gov/MARC21/slim http://www.loc.gov/standards/marcxml/schema/MARC21slim.xsd"
    xmlns="http://www.loc.gov/MARC21/slim">

  <leader>02957cam a2200337 i 4500</leader>
  <controlfield tag="001">18457698</controlfield>
  <controlfield tag="003">OSt</controlfield>
  <controlfield tag="005">20230208152919.0</controlfield>
  <controlfield tag="008">150120s2015    dcu      b    001 0 eng  </controlfield>
  <datafield tag="010" ind1=" " ind2=" ">
    <subfield code="a">  2015001489</subfield>
  </datafield>
  <datafield tag="020" ind1=" " ind2=" ">
    <subfield code="a">9781626161634</subfield>
  </datafield>
  <datafield tag="040" ind1=" " ind2=" ">
    <subfield code="a">DGU/DLC</subfield>
    <subfield code="b">eng</subfield>
    <subfield code="c">DGU</subfield>
    <subfield code="e">rda</subfield>
    <subfield code="d">DLC</subfield>
  </datafield>
  <datafield tag="042" ind1=" " ind2=" ">
    <subfield code="a">pcc</subfield>
  </datafield>
  <datafield tag="050" ind1="0" ind2="0">
    <subfield code="a">QH332</subfield>
    <subfield code="b">.G65 2015</subfield>
  </datafield>
  <datafield tag="100" ind1="1" ind2=" ">
    <subfield code="a">G&#xF3;mez-Lobo, Alfonso,</subfield>
    <subfield code="d">1940-</subfield>
    <subfield code="e">author.</subfield>
  </datafield>
  <datafield tag="245" ind1="1" ind2="0">
    <subfield code="a">Bioethics and the human goods :</subfield>
    <subfield code="b">an introduction to natural law bioethics /</subfield>
    <subfield code="c">Alfonso G&#xF3;mez-Lobo ; with John Keown.</subfield>
  </datafield>
  <datafield tag="264" ind1=" " ind2="1">
    <subfield code="a">Washington, DC :</subfield>
    <subfield code="b">Georgetown University Press,</subfield>
    <subfield code="c">2015.</subfield>
  </datafield>
  <datafield tag="300" ind1=" " ind2=" ">
    <subfield code="a">xxiv, 124 p.</subfield>
    <subfield code="c">22 cm</subfield>
  </datafield>
  <datafield tag="336" ind1=" " ind2=" ">
    <subfield code="a">text</subfield>
    <subfield code="2">rdacontent</subfield>
  </datafield>
  <datafield tag="337" ind1=" " ind2=" ">
    <subfield code="a">unmediated</subfield>
    <subfield code="2">rdamedia</subfield>
  </datafield>
  <datafield tag="338" ind1=" " ind2=" ">
    <subfield code="a">volume</subfield>
    <subfield code="2">rdacarrier</subfield>
  </datafield>
  <datafield tag="504" ind1=" " ind2=" ">
    <subfield code="a">Includes bibliographical references and index.</subfield>
  </datafield>
  <datafield tag="505" ind1="0" ind2=" ">
    <subfield code="a">Foundations -- Bioethical thinking -- Principles -- The ethical divide -- The ontological divide -- Potentiality and genetics -- Issues -- Beginning of life issues -- Stem cell research on human embryos -- Preimplantation diagnosis -- Abortion -- Infanticide -- End-of-life issues -- Suicide -- Physician-assisted suicide -- Euthanasia -- Tube-feeding patients in "pvs" -- Issues in transplantation -- The "dead donor rule" -- The determination of death -- Epilogue -- Appendix A: the status of the human embryo -- Personal statement of Professor Robert P. George, joined by Dr. G&#xF3;mez-Lobo -- Appendix B: the determination of death -- Personal statement of Dr. G&#xF3;mez-Lobo.</subfield>
  </datafield>
  <datafield tag="520" ind1=" " ind2=" ">
    <subfield code="a">In this concise and accessible introductory text, G&#xF3;mez-Lobo and Keown introduce a "human goods" approach to bioethics as an alternative to the dominant principle-based method in the field (best illustrated by Beauchamp and Childress, Principles of Biomedical Ethics, OUP). Following Aristotle and the natural law tradition, the authors demonstrate how an emphasis on human goods--such as health, life, family, friendship, work and play, the experience of beauty, knowledge, and integrity--provides a necessary context for medical decisions and can help us understand critical issues at the beginning and end of life. The manuscript includes two parts: Foundations and Issues. In the Foundations section the authors explain how one can think about bioethics, offering definitions of ethics and ontology (the study of being) and prudential reasoning. In the Issues section they address genetics, abortion, infanticide, suicide and physician-assisted suicide, nutrition and hydration, and transplantation ethics. The book includes appendices featuring personal statements by G&#xF3;mez-Lobo on the status of the human embryo and criteria for the determination of death.</subfield>
  </datafield>
  <datafield tag="650" ind1=" " ind2="0">
    <subfield code="a">Bioethics.</subfield>
  </datafield>
  <datafield tag="650" ind1=" " ind2="0">
    <subfield code="a">Natural law.</subfield>
  </datafield>
  <datafield tag="700" ind1="1" ind2=" ">
    <subfield code="a">Keown, John,</subfield>
    <subfield code="e">author.</subfield>
  </datafield>
  <datafield tag="906" ind1=" " ind2=" ">
    <subfield code="a">7</subfield>
    <subfield code="b">cbc</subfield>
    <subfield code="c">orignew</subfield>
    <subfield code="d">1</subfield>
    <subfield code="e">ecip</subfield>
    <subfield code="f">20</subfield>
    <subfield code="g">y-gencatlg</subfield>
  </datafield>
  <datafield tag="942" ind1=" " ind2=" ">
    <subfield code="2">lcc</subfield>
    <subfield code="c">BK</subfield>
  </datafield>
  <datafield tag="999" ind1=" " ind2=" ">
    <subfield code="c">19972</subfield>
    <subfield code="d">19971</subfield>
  </datafield>
  <datafield tag="952" ind1=" " ind2=" ">
    <subfield code="0">0</subfield>
    <subfield code="1">0</subfield>
    <subfield code="2">lcc</subfield>
    <subfield code="7">0</subfield>
    <subfield code="a">KABU</subfield>
    <subfield code="b">KABU</subfield>
    <subfield code="d">2023-02-08</subfield>
    <subfield code="g">3563.00</subfield>
    <subfield code="l">0</subfield>
    <subfield code="o">QH332 .G65 2015 C.1</subfield>
    <subfield code="p">34601</subfield>
    <subfield code="r">2023-02-08 00:00:00</subfield>
    <subfield code="t">C.1</subfield>
    <subfield code="w">2023-02-08</subfield>
    <subfield code="y">BK</subfield>
  </datafield>
  <datafield tag="952" ind1=" " ind2=" ">
    <subfield code="0">0</subfield>
    <subfield code="1">0</subfield>
    <subfield code="2">lcc</subfield>
    <subfield code="7">0</subfield>
    <subfield code="a">KABU</subfield>
    <subfield code="b">KABU</subfield>
    <subfield code="c">GEN</subfield>
    <subfield code="d">2025-06-18</subfield>
    <subfield code="g">6500.00</subfield>
    <subfield code="i">2025/2150</subfield>
    <subfield code="l">0</subfield>
    <subfield code="o">QH332 .G65 2015 C.4</subfield>
    <subfield code="p">33141</subfield>
    <subfield code="r">2025-06-18 09:07:24</subfield>
    <subfield code="t">C.4</subfield>
    <subfield code="w">2025-06-18</subfield>
    <subfield code="y">BK</subfield>
  </datafield>
  <datafield tag="952" ind1=" " ind2=" ">
    <subfield code="0">0</subfield>
    <subfield code="1">0</subfield>
    <subfield code="2">lcc</subfield>
    <subfield code="7">0</subfield>
    <subfield code="a">KABU</subfield>
    <subfield code="b">KABU</subfield>
    <subfield code="c">GEN</subfield>
    <subfield code="d">2025-06-18</subfield>
    <subfield code="g">6500.00</subfield>
    <subfield code="i">2025/2148</subfield>
    <subfield code="l">0</subfield>
    <subfield code="o">QH332 .G65 2015 C.2</subfield>
    <subfield code="p">33147</subfield>
    <subfield code="r">2025-06-18 09:07:24</subfield>
    <subfield code="t">C.2</subfield>
    <subfield code="w">2025-06-18</subfield>
    <subfield code="y">BK</subfield>
  </datafield>
  <datafield tag="952" ind1=" " ind2=" ">
    <subfield code="0">0</subfield>
    <subfield code="1">0</subfield>
    <subfield code="2">lcc</subfield>
    <subfield code="7">0</subfield>
    <subfield code="a">KABU</subfield>
    <subfield code="b">KABU</subfield>
    <subfield code="c">GEN</subfield>
    <subfield code="d">2025-06-18</subfield>
    <subfield code="g">6500.00</subfield>
    <subfield code="i">2025/2149</subfield>
    <subfield code="l">0</subfield>
    <subfield code="o">QH332 .G65 2015 C.3</subfield>
    <subfield code="p">33148</subfield>
    <subfield code="r">2025-06-18 09:07:24</subfield>
    <subfield code="t">C.3</subfield>
    <subfield code="w">2025-06-18</subfield>
    <subfield code="y">BK</subfield>
  </datafield>
</record>
